00000000nam 2200000za 4500
0019.675039
003CaOODSP
00520250408111310
007cr |||||||||||
008150407|2009||||xxc|||||o    f|0| 0 tgl d
020 |a978-0-662-03348-6
040 |aCaOODSP|beng
043 |an-cn---
0861 |aHP40-38/2009Tgl-PDF|zHP40-38/2009Tl-PDF
1102 |aPublic Health Agency of Canada.
24512|a[A parent's guide to immunization] |h[electronic resource].
2463 |aImyunisasyon, isang gabay ng magulang sa imyunisasyon
250 |a[Tagalog edition].
260 |aOttawa - Ontario : |bPublic Health Agency of Canada |cc2010.
300 |a20p.|bphotographs
500 |aIssued also in English under title: A parent's guide to immunization.
546 |aText in Tagalog.
590 |a10-48|b2010-12-03
69007|aImmunization|2gcpds
77508|tA parent's guide to immunization |w(CaOODSP)9.692169
7760#|tGuide des parents sur la vaccination |w(CaOODSP)9.671946
792 |t[Guide des parents sur la vaccination] |efre|w(CaOODSP)9.675040
85640|ahttp://publications.gc.ca|qPDF|s369 KB|uhttps://publications.gc.ca/collections/collection_2010/aspc-phac/HP40-38-2009-tgl.pdf